000 01029cam a2200217 4500
001 WB@3612-76
008 041029n2004 000 0 eng u
035 _a(Sirsi) u127881
245 _aSharp increase in tender prices
260 _c2004
490 _aRICS News Service
_v29 October 2004 (2)
520 _aThe price of construction work rose sharply in the 2nd quarter of 2004, according to the latest "BCIS tender price index". Tender prices jumped by 7.0% compared to the previous quarter. New work output is expected to rise well ahead of trend in 2004 and 2005. This could be a reflection of anticipated strong upward pressure from input costs during firm price contract periods, particularly as a result of potential steel and oil price increases. For more information go to: http://www.bcis.co.uk.
590 _aWB
590 _aWB
650 _aTENDER PRICES
650 _aTENDER PRICE INDICES
650 _aTENDER FORECASTS
650 _aBCIS
690 _aBUILDING AND CONSTRUCTION-MARKET
942 _n0
999 _c118259
_d118259